书目信息 |
| 题名: |
电磁测量原理及应用
|
|
| 作者: | 殷春浩 , 崔亦飞 编 | |
| 分册: | ||
| 出版信息: | 徐州 中国矿业大学出版社 2003.07 |
|
| 页数: | 324页 | |
| 开本: | 26cm | |
| 丛书名: | ||
| 单 册: | ||
| 中图分类: | O441.5-53 | |
| 科图分类: | ||
| 主题词: | 电磁测量--dian ci ce liang--高等学校--教材 | |
| 电子资源: | ||
| ISBN: | 7-81070-766-3 | |
| 000 | 00908nam0 2200253 450 | |
| 001 | 012007819056 | |
| 005 | 20071107213749.56 | |
| 010 | @a7-81070-766-3@dCNY25.00 | |
| 100 | @a20071107d2003 km y0chiy0120 ea | |
| 101 | 0 | @achi |
| 102 | @aCN@b320000 | |
| 105 | @aa z 000yy | |
| 106 | @ar | |
| 200 | 1 | @a电磁测量原理及应用@Adian ci ce liang yuan li ji ying yong@f殷春浩, 崔亦飞编@Fyin chun hao,cui yi fei bian |
| 210 | @a徐州@c中国矿业大学出版社@d2003.07 | |
| 215 | @a324页@c图@d26cm | |
| 300 | @a中国矿业大学新世纪教材建设工程资助教材 | |
| 330 | @a本教材讲述了直流电的测量、交流电的测量、磁场的测量、磁性材料的测量、数字化电磁测量、传感器及数据采集系统等九章内容。 | |
| 606 | 0 | @a电磁测量@Adian ci ce liang@x高等学校@j教材 |
| 690 | @aO441.5-53@v4 | |
| 701 | 0 | @a殷春浩@Ayin chun hao@4编 |
| 701 | 0 | @a崔亦飞@Acui yi fei@4编 |
| 801 | 0 | @aCN@b@c20071107 |
| 905 | @b266221-22@dO441.5-53@eY577@f2 | |
| 电磁测量原理及应用/殷春浩, 崔亦飞编.-徐州:中国矿业大学出版社,2003.07 |
| 324页:图;26cm |
| 中国矿业大学新世纪教材建设工程资助教材 |
| ISBN 7-81070-766-3:CNY25.00 |
| 本教材讲述了直流电的测量、交流电的测量、磁场的测量、磁性材料的测量、数字化电磁测量、传感器及数据采集系统等九章内容。 |
| ● |
| 相关链接 |
|
|
|
正题名:电磁测量原理及应用
索取号:O441.5-53/Y577
 
预约/预借
| 序号 | 登录号 | 条形码 | 馆藏地/架位号 | 状态 | 备注 |
| 1 | 266221 | 202662216 | 自科库401/401自科库 58排7列2层/ [索取号:O441.5-53/Y577] | 在馆 | |
| 2 | 266222 | 202662225 | 自科库401/401自科库 58排7列2层/ [索取号:O441.5-53/Y577] | 在馆 |